000 00906nam a2200253 a 4500
001 BRCA_6611
005 20190320205527.0
008 081010c1964----ag-af#####---#000-0#spa-#
041 _aspa
044 _aag
050 4 _aND553
_b.P56 94 1964
245 1 0 _aRaoul Dufy
_cmonografía por Guido Perocco ; traducción por Ángel Sánchez Gijón ; enfoque de actualidad, por Julio E. Payró.
260 _aArgentina
_bCodex
_c[1964]
300 _a1 v. (sin paginación)
_bil., 16 láminas a color
_c36 cm.
440 0 _aPinacoteca de los genios : la más grandiosa colección de arte del mundo
_v94
_916534
500 _aIncluye índice de ilustraciones
500 _aDonación Dra. Elsa Barberena
600 1 4 _aDufy, Raoul
_d1877-1953
_916535
700 1 _aPerocco, Guido
_916536
700 1 _aPayró, Julio E.
_912065
700 1 _aSánchez Gijón, Ángel
_etr.
_916537
902 _aDEB
942 _2lcc
_cB
999 _c6295
_d6295